| 000 | 00707nam a2200265Ia 4500 | ||
|---|---|---|---|
| 008 | 160803s9999 xx 000 0 und d | ||
| 020 | _a059044185X | ||
| 100 | _aLewison, Wendy Cheyette | ||
| 245 | _a"Buzz," said the bee / | ||
| 245 | _cby Wendy Cheyette Lewison ; illustrated by Hans Wilhelm. | ||
| 260 | _aNew York : | ||
| 260 | _bScholastic Inc. | ||
| 260 | _c1992 | ||
| 300 | _a1 volume (unpaged) : | ||
| 300 | _bcolor illustrations ; | ||
| 300 | _c24 cm. | ||
| 440 | _aHello reader! ; | ||
| 440 | _vLevel 1. | ||
| 650 | _aAnimal sounds -- | ||
| 650 | _aAnimal sounds -- | ||
| 650 | _aStories in rhyme. | ||
| 650 | _xFiction. | ||
| 650 | _xJuvenile fiction. | ||
| 700 | _a410 | ||
| 999 |
_c299198 _d299198 |
||